One Eyed Bastard- Green Day - Statistics

General Stats
  • This quiz has been taken 19 times
  • The average score is 139 of 179
Answer Stats
Answer % Correct
a
100%
ayy-oh!
100%
Ayy-oh!
100%
I
100%
you
100%
You
100%
you,
100%
an
90%
can
90%
of
90%
when
90%
your
90%
be
80%
beg
80%
cannot
80%
cry
80%
deny
80%
friend
80%
get
80%
Get
80%
god-damned
80%
hear
80%
I'm
80%
is
80%
making
80%
mine
80%
never
80%
offer
80%
Revenge
80%
sweeter
80%
than
80%
that
80%
wine
80%
you're
80%
and
70%
are
70%
asked
70%
bad
70%
Bada
70%
bada
70%
bitch,
70%
boom x2
70%
boom x4
70%
but
70%
cower
70%
face
70%
feelings
70%
gonna
70%
kissing
70%
knees
70%
laughing
70%
louder
70%
my
70%
on
70%
pleas
70%
quite
70%
ring
70%
so
70%
son
70%
the
70%
to
70%
ugly
70%
Vendetta
70%
all
60%
always
60%
bing,
60%
'Cause,
60%
dead
60%
forget
60%
glad
60%
liked
60%
memories
60%
remember
60%
that's
60%
wasted
60%
Well,
60%
won't
60%
years
60%
Lost
40%
No matching quizzes found
Score Distribution
Percent of People with Each Score
Percentile by Number Answered
Your Score History
You have not taken this quiz